| 000 | 00602nam a2200229Ia 4500 | ||
|---|---|---|---|
| 001 | 11280 | ||
| 005 | 20240113235305.0 | ||
| 007 | ta | ||
| 008 | 050810s1966 a g b000 u ben u | ||
| 040 | _aCotton College,Assam | ||
| 041 | _aben | ||
| 082 |
_a891.4409 _bR 13 Sa |
||
| 100 | _aRoy, Gopal Ch. . | ||
| 245 | 0 |
_aSaratchandra / _cGopal Ch. Roy. _hTextual Documents |
|
| 250 | _a1st ed / | ||
| 260 |
_aCalcutta : _bSahitya Sadan , _c1966. |
||
| 300 |
_a528p. : _bill. ; _c22cm. . |
||
| 653 | _aBengali Essays-Collection | ||
| 942 |
_2ddc _cBK |
||
| 999 |
_c11267 _d11267 |
||